Zaad-ul-Miyaad : (Record no. 35515)
[ view plain ]
| 000 -LEADER | |
|---|---|
| fixed length control field | 00560nam a22001577a 4500 |
| 005 - DATE AND TIME OF LATEST TRANSACTION | |
| control field | 20240402135254.0 |
| 008 - FIXED-LENGTH DATA ELEMENTS--GENERAL INFORMATION | |
| fixed length control field | 240402b |||||||| |||| 00| 0 eng d |
| 082 ## - DEWEY DECIMAL CLASSIFICATION NUMBER | |
| Classification number | 297.5 |
| Item number | QAY-Z |
| 100 ## - MAIN ENTRY--AUTHOR | |
| Author Name | Ibn-e-Qayyim Aljozi |
| 245 ## - TITLE STATEMENT | |
| Title | Zaad-ul-Miyaad : |
| Remainder of title | Fihadi Khair-ul-Ebaad / |
| Statement of responsibility, etc. | Ibn-e-Qayyim Aljozi |
| 260 ## - PUBLICATION, DISTRIBUTION, ETC. | |
| Place of Publication | Pakistan : |
| Name of publisher, distributor, etc. | Nafees Academy ; |
| 300 ## - PHYSICAL DESCRIPTION | |
| Pages | v-1 (560 p.), v-2 (484 p.), v-3 (500 p.), v-4 (543 p.) : |
| 500 ## - GENERAL NOTE | |
| General note | 1-Set of 4 volumes.<br/>2-v-1 (560 p.), v-2 (484 p.), v-3 (500 p.), v-4 (543 p.) |
| 650 ## - SUBJECT ADDED ENTRY--TOPICAL TERM | |
| Subject / Department | Literature / Islamic |
| 300 ## - PHYSICAL DESCRIPTION | |
| -- | 24.5 cm . |
| 952 ## - LOCATION AND ITEM INFORMATION (KOHA) | |
| -- | 0 |
| -- | 0 |
| 952 ## - LOCATION AND ITEM INFORMATION (KOHA) | |
| -- | 0 |
| -- | 0 |
| 952 ## - LOCATION AND ITEM INFORMATION (KOHA) | |
| -- | 0 |
| -- | 0 |
| 952 ## - LOCATION AND ITEM INFORMATION (KOHA) | |
| -- | 0 |
| -- | 0 |
| Lost status | Damaged status | Collection code | Permanent Location | Current Location | Shelving Location | Date acquired | Full Call Number | Accession No./Barcode | Date last seen | item type | Koha item type |
|---|---|---|---|---|---|---|---|---|---|---|---|
| Literature/Urdu/eng/Islamic | Superior Information Resource Center (SIRC) Superior University- Main Campus | Superior Information Resource Center (SIRC) Superior University- Main Campus | Literature / Islamic | 04/02/2024 | 297.5 QAY-Z V-1 | 29198 | 04/26/2024 | BOOK | BOOK | ||
| Literature/Urdu/eng/Islamic | Superior Information Resource Center (SIRC) Superior University- Main Campus | Superior Information Resource Center (SIRC) Superior University- Main Campus | Literature / Islamic | 04/02/2024 | 297.5 QAY-Z V-2 | 29199 | 04/26/2024 | BOOK | BOOK | ||
| Literature/Urdu/eng/Islamic | Superior Information Resource Center (SIRC) Superior University- Main Campus | Superior Information Resource Center (SIRC) Superior University- Main Campus | Literature / Islamic | 04/02/2024 | 297.5 QAY-Z V-3 | 29200 | 04/26/2024 | BOOK | BOOK | ||
| Literature/Urdu/eng/Islamic | Superior Information Resource Center (SIRC) Superior University- Main Campus | Superior Information Resource Center (SIRC) Superior University- Main Campus | Literature / Islamic | 04/02/2024 | 297.5 QAY-Z V-4 | 29201 | 04/26/2024 | BOOK | BOOK |
